000 01435cam a22001814a 4500
005 20250605164358.0
008 250528s ||||||||||||||||||||||||d
035 _a24424
040 _aGR-AtMCL
_bgre
_dGR-AtMCL
_eAACR2
245 1 _aΗ Ανοικτή Πρόσβαση στα Ερευνητικά Δεδομένα ως Μοχλός για την Ανοικτή Επιστήμη
260 _bΚαινοτομία Έρευνα Και Τεχνολογία,
_c2014
300 _a32
520 _aΤο Enterprise Europe Network-Hellas Υποστηρίζει με Νέες Υπηρεσίες τις Ελληνικές Επιχειρήσεις, Νέα Μελέτη του ΕΚΤ για τις Ελληνικές Επιστημονικές Δημοσιεύσεις σε Διεθνή Περιοδικά 1998-2012, Βασικοί Δείκτες Έρευνας και Ανάπτυξης για Δαπάνες και Προσωπικό το 2013 στην Ελλάδα, Το Crowdfunding ως Ενναλακτική Μορφή Χρηματοδότησης Επιχειρηματικών Προτάσεων και Καινοτόμων Έργων, Ψηφιακό Μουσικό Ανθολόγια Ευτέρπη: Μια Διαδικτυακή Συλλογή Τραγουδιών για Εκπαιδευτική Χρήση.
700 1 _aΣαχίνη Εύη
_99352
942 _cCR
999 _c9307
_d9307